CRISP:COMPLET REVIEW OF INTEGRADED SYSTEMS PHYSIOLOGY. (Record no. 1215345)

MARC details
000 -LEADER
fixed length control field 00490nam a22001817a 4500
003 - CONTROL NUMBER IDENTIFIER
control field OSt
005 - DATE AND TIME OF LATEST TRANSACTION
control field 20260203140451.0
008 - FIXED-LENGTH DATA ELEMENTS--GENERAL INFORMATION
fixed length control field 260203b |||||||| |||| 00| 0 eng d
020 ## - INTERNATIONAL STANDARD BOOK NUMBER
International Standard Book Number 9789394525399
040 ## - CATALOGING SOURCE
Transcribing agency CBS PUB
082 ## - DEWEY DECIMAL CLASSIFICATION NUMBER
Edition number 5
Classification number 612
Item number KUM
100 ## - MAIN ENTRY--PERSONAL NAME
Personal name KUMAR S. K
245 ## - TITLE STATEMENT
Title CRISP:COMPLET REVIEW OF INTEGRADED SYSTEMS PHYSIOLOGY.
260 ## - PUBLICATION, DISTRIBUTION, ETC.
Place of publication, distribution, etc. B.M.S.G.B PUNE
Name of publisher, distributor, etc. CBS PUB
Date of publication, distribution, etc. 2022
300 ## - PHYSICAL DESCRIPTION
Extent XVI;PB;492
500 ## - GENERAL NOTE
General note BILL NO - 6409<br/>DATE - 13/01/2026
942 ## - ADDED ENTRY ELEMENTS (KOHA)
Source of classification or shelving scheme Dewey Decimal Classification
Koha item type Textbook
Edition 5
Suppress in OPAC No
Holdings
Withdrawn status Lost status Source of classification or shelving scheme Damaged status Not for loan Collection Home library Current library Date acquired Source of acquisition Cost, normal purchase price Total Checkouts Full call number Barcode Date last seen Price effective from Koha item type
    Dewey Decimal Classification     Text Medical College & Hospital, Sangli Medical College & Hospital, Sangli 03/02/2026 B.M.S.G.B, PUNE 825.00   612/KUM MCS-17573 03/02/2026 03/02/2026 Textbook
    Dewey Decimal Classification     Text Medical College & Hospital, Sangli Medical College & Hospital, Sangli 03/02/2026 B.M.S.G.B, PUNE 825.00   612/KUM MCS-17574 03/02/2026 03/02/2026 Textbook